| 000 | 00620naa a2200145Ia 4500 | ||
|---|---|---|---|
| 003 | ES-SlBCS | ||
| 005 | 20210601151858.0 | ||
| 008 | 140520s1999 xxu||||| |||| 00| 0 spa d | ||
| 041 | _aspa | ||
| 100 | 1 |
_aMcguire, Randall H. _9339290 |
|
| 245 | 0 | 0 |
_aSociedades sedentarias y semisedentarias del Norte de México _cRandall H. Mcguire |
| 651 | 4 |
_aMéxico-Sociedades Sedentarias del Norte _9339291 |
|
| 773 | 0 |
_tHistoria General de América Latina : Vol. I : Las sociedades originarias / Teresa Rojas Rabiela, John V. Murra _dMadrid : Trotta / Unesco, 1999 _g, págs. 285-313 _z84-8154-351-3 (Vol. I) _wVA48301 |
|
| 942 | _cAC | ||
| 999 |
_c765530 _d765530 |
||